=LDR 00000nam 2200000 4500 =001 INLIS000000000054887 =005 20200228090951 =035 ##$$a 0010-0220000449 =007 ta =008 200228###########################0#ind## =020 ##$$a 978-602-444-239-2 =082 ##$$a 371.404 2 =084 ##$$a 371.404 2 Ras b =245 1#$$a Bimbingan dan konseling kelompok /$c Drs.Rasimin M.Pd, Muhammad Hamdi, M.Pd =250 ##$$a cet 2 =300 ##$$a xvi, 240 halaman : $b Ilustrasi ; $c 23 cm =650 #4$$a Bimbingan kejuruan =700 #$$a Editor ; Bunga Sari Fatmawati =504 ##$$a Bibliografi : halaman 213 - 214 =264 ##$$a Jakarta :$b Bumu Aksara,$c 2019 =336 ##$$a Teks$2 rdacontent =337 ##$$a lain-lain$2 rdamedia =338 ##$$a lain-lain$2 rdacarrier =990 ##$$a 15181518 =990 ##$$a 15181518